000 01115cam a22002774a 4500
001 12529854
005 20251105102433.0
008 010910s2002 maua 001 0 eng
020 _a0072471840
_qalk. paper
020 _a9780072471847
_q(alk. paper)
050 0 0 _aT385
_b.L3822 2002
082 0 0 _a006.6/869
_221
100 1 _aLaudon, Kenneth C.,
_d1944-2019.
245 1 0 _aInteractive computing series.
_pMicrosoft PowerPoint 2002 /
_cKenneth C. Laudon, Kenneth Rosenblatt, David Langley.
250 _aIntroductory ed.
260 _aBoston :
_bMcGraw-Hill/Irwin,
_cc2002.
300 _a1 v. (various pagings) :
_bcol. ill. ;
_c28 cm.
500 _aIncludes index.
650 0 _aPresentation graphics software.
700 1 _aRosenblatt, Kenneth.
700 1 _aLangley, David,
_cM.A.
856 4 2 _3Publisher description
_uhttp://www.loc.gov/catdir/description/mh021/2001095769.html
856 4 1 _3Table of contents
_uhttp://www.loc.gov/catdir/toc/mh021/2001095769.html
856 4 2 _3Contributor biographical information
_uhttp://www.loc.gov/catdir/enhancements/fy0737/2001095769-b.html
942 _2lcc
_cBK
_n0
999 _c8044
_d8044